000 00570nam a2200193 i 4500
001 34081
003 ES-MaACL
005 20251003063048.0
007 t|
008 030204s1973 sp ||||1| spa d
100 1 _aBöll, Heinrich,
_d1917-1985
_929974
245 1 0 _aRetrato de grupo con señora /
_cHeinrich Böll ; [traducción: Jacobo Muñoz].
250 _a[1ª ed.].
260 _aBarcelona :
_bNoguer,
_c[1973]
300 _a340 p. ;
_c23 cm.
700 1 _aMuñoz, Jacobo.
_9137824
852 _aES-MaACL
_jC-51891
_bR.85737
999 _c34081
_d34081